00728cam a22002292 4500001001100000005001700011008004100028020001700069040001500086100003500101245007400136250001300210260004600223300001100269650003200280700003100312852001300343908001100356950000600367999001500373952011000388000001311120151217152121.0090603s xx 000 0 eng d a0801671663 : aKABUcKABU1 aWardlaw, Gordon M.@000015561010aDiet analysis :bquick reference /cGordon M. Wardlaw, Paul M. Insel. a1st ed. aSt. Louis, MO. :bMosby-Year Book,c1992. a61 p. 0aFoodxAnalysis.@00001565331 aInsel, Paul M.@00001502271 9p100 KES a090603 @1 c8446d8446 00102lcc70aKABUbKABUd2015-12-17l0oTX531 .W37 1992 c. 1p17759r2015-12-17 00:00:00w2015-12-17yBK